| 000 | 00481nam a2200193 a 4500 | ||
|---|---|---|---|
| 001 | 2568 | ||
| 003 | CDMR | ||
| 005 | 20131112150440.0 | ||
| 008 | 130130s2003||||||||||||||||||||||||||||d | ||
| 020 | _a8497040848 | ||
| 024 |
_2DL _aAs 6082003 |
||
| 040 |
_aCDMR _bcat _cCDMR |
||
| 100 | 1 |
_aMartínez De Sousa, José _91926 |
|
| 245 | 1 | 0 | _aLibro de estilo. Vocento |
| 260 |
_aGijón _c2003 _bTrea |
||
| 300 | _a573 p. | ||
| 650 |
_93086 _aPeriodisme _xManuals d'estil |
||
| 942 |
_cMON _2udc |
||
| 999 |
_c2568 _d2568 |
||